[Event "Cappelle Online Blitz op"]
[Site "Europe Echecs INT"]
[Date "2022.01.09"]
[Round "5"]
[White "Feryn, Benjamin"]
[Black "Gunina, Valentina"]
[Result "0-1"]
[WhiteElo "2197"]
[BlackElo "2471"]
[PlyCount "164"]
[EventDate "2022.01.09"]
[EventType "swiss (blitz)"]
[EventRounds "11"]
[EventCountry "FRA"]
[SourceTitle "EXT 2023"]
[Source "ChessBase"]
[SourceDate "2022.10.05"]
[SourceVersion "1"]
[SourceVersionDate "2022.10.05"]
[SourceQuality "1"]

1. e4 c6 2. Nf3 d5 3. Nc3 dxe4 4. Nxe4 Nf6 5. Nxf6+ exf6 6. d4 Bd6 7. Bd3 0-0 8. 0-0 Bg4 9. h3 Bh5 10. Be3 Bc7 11. Re1 Qd6 12. g3 Nd7 13. Bf1 Rfe8 14. Bg2 Nf8 15. Bf4 Qd7 16. Qd2 Rad8 17. Bxc7 Qxc7 18. Rxe8 Rxe8 19. Re1 Rd8 20. c3 c5 21. d5 Nd7 22. g4 Bg6 23. c4 Nb6 24. b3 Nc8 25. Nh4 Nd6 26. Nxg6 hxg6 27. Re3 b5 28. Qe2 bxc4 29. bxc4 Qa5 30. Re7 Qb6 31. Bf1 Qa6 32. Qb2 Qa5 33. Kg2 Kf8 34. Re3 Qc7 35. Qe2 Re8 36. Kg1 Rxe3 37. Qxe3 Qb6 38. Qf4 g5 39. Qe3 Qb4 40. Qg3 Ke7 41. Qe3+ Kd7 42. Qc1 a5 43. Qc2 a4 44. Kg2 a3 45. Bd3 g6 46. Qe2 Qb2 47. Qd1 Ke7 48. Qa4 Qxa2 49. Qa7+ Kf8 50. Qxc5 Qb2 51. Qxd6+ Kg7 52. Bb1 Qxb1 53. Qxa3 Qe4+ 54. Qf3 Qxc4 55. d6 Qd4 56. Qg3 Qd5+ 57. Kh2 Qd2 58. Kg2 Kf8 59. Qa3 Qd5+ 60. Kh2 Ke8 61. Qa4+ Kd8 62. Qa3 Kd7 63. Qa7+ Kxd6 64. Qb8+ Ke7 65. Qh8 Qd8 66. Qxd8+ Kxd8 67. Kg3 Ke7 68. f4 Kd6 69. h4 gxh4+ 70. Kxh4 Kd5 71. Kg3 Ke4 72. f5 gxf5 73. gxf5 Kxf5 74. Kf3 Ke5 75. Ke3 f5 76. Kf3 f4 77. Kf2 Ke4 78. Ke2 f3+ 79. Kf2 Kf4 80. Kf1 Ke3 81. Ke1 f2+ 82. Kf1 f6 0-1

[Event "Cappelle Online Blitz op"]
[Site "Europe Echecs INT"]
[Date "2021.03.07"]
[Round "7"]
[White "Feryn, Benjamin"]
[Black "Schippke, Manon"]
[Result "1-0"]
[WhiteElo "2194"]
[BlackElo "1904"]
[PlyCount "63"]
[EventDate "2021.03.07"]
[EventType "swiss (blitz)"]
[EventRounds "11"]
[EventCountry "FRA"]
[SourceTitle "CBM 201 Extra"]
[Source "ChessBase"]
[SourceDate "2021.05.31"]
[SourceVersion "1"]
[SourceVersionDate "2021.05.31"]
[SourceQuality "1"]

1. e4 c5 2. Nf3 d6 3. d4 cxd4 4. Nxd4 Nf6 5. Nc3 Nc6 6. Bg5 e6 7. Qd2 Be7 8. 0-0-0 a6 9. f4 Bd7 10. f5 e5 11. Nf3 Qa5 12. Bc4 b5 13. Bb3 b4 14. Nd5 Nxe4 15. Qe3 Nxg5 16. Nxg5 0-0 17. f6 gxf6 18. Ne4 Bf5 19. Nexf6+ Bxf6 20. Nxf6+ Kh8 21. g4 Bg6 22. h4 Qd8 23. Nd5 Nd4 24. h5 Nxb3+ 25. axb3 Qa5 26. hxg6 fxg6 27. Kb1 Rac8 28. Qh6 Rf7 29. g5 Rc5 30. Nf6 Qc7 31. Nxh7 Rxh7 32. Qf8# 1-0

[Event "Cappelle Online Blitz op"]
[Site "Europe Echecs INT"]
[Date "2021.03.07"]
[Round "6"]
[White "Khoshnevis, Farzin Daniel"]
[Black "Feryn, Benjamin"]
[Result "0-1"]
[WhiteElo "1887"]
[BlackElo "2194"]
[PlyCount "88"]
[EventDate "2021.03.07"]
[EventType "swiss (blitz)"]
[EventRounds "11"]
[EventCountry "FRA"]
[SourceTitle "CBM 201 Extra"]
[Source "ChessBase"]
[SourceDate "2021.05.31"]
[SourceVersion "1"]
[SourceVersionDate "2021.05.31"]
[SourceQuality "1"]

1. e4 e5 2. Nf3 Nc6 3. Nc3 g6 4. d4 exd4 5. Nxd4 Bg7 6. Be3 Nf6 7. f3 0-0 8. Qd2 d5 9. Nxc6 bxc6 10. 0-0-0 Qe7 11. Bg5 Qb4 12. a3 Qa5 13. Bd3 Rb8 14. Rde1 Qb6 15. Nd1 dxe4 16. fxe4 Nxe4 17. Bxe4 Bxb2+ 18. Nxb2 Qxb2+ 19. Kd1 Qxa3 20. Bh6 Rb1+ 21. Ke2 Rxe1+ 22. Rxe1 Re8 23. Kf1 Qc5 24. g3 Ba6+ 25. Kg2 Qe5 26. Qf4 Qd4 27. Qf3 Bc4 28. Bxc6 Rxe1 29. Bf4 Qg1+ 30. Kh3 Qf1+ 31. Qxf1 Bxf1+ 32. Kg4 Re2 33. c4 Rc2 34. Bd5 Bxc4 35. Be4 Be6+ 36. Kf3 Rc3+ 37. Ke2 a5 38. Bd2 Rc5 39. h4 a4 40. Bb1 a3 41. Bb4 Re5+ 42. Kd3 a2 43. Kd4 axb1Q 44. Kxe5 Qxb4 0-1

[Event "Cappelle Online Blitz op"]
[Site "Europe Echecs INT"]
[Date "2021.03.07"]
[Round "2"]
[White "Martinez Alcantara, Jose Eduardo"]
[Black "Feryn, Benjamin"]
[Result "1-0"]
[WhiteElo "2620"]
[BlackElo "2194"]
[PlyCount "59"]
[EventDate "2021.03.07"]
[EventType "swiss (blitz)"]
[EventRounds "11"]
[EventCountry "FRA"]
[SourceTitle "CBM 201 Extra"]
[Source "ChessBase"]
[SourceDate "2021.05.31"]
[SourceVersion "1"]
[SourceVersionDate "2021.05.31"]
[SourceQuality "1"]

1. e4 e5 2. Nf3 Nc6 3. Bb5 Nge7 4. c3 a6 5. Ba4 g6 6. d4 exd4 7. cxd4 b5 8. Bb3 Bg7 9. d5 Na5 10. Bd2 c5 11. Bc3 0-0 12. 0-0 d6 13. Bc2 h6 14. Bxg7 Kxg7 15. Nbd2 f5 16. b3 fxe4 17. Bxe4 Bf5 18. Re1 Qd7 19. Qc1 Bxe4 20. Qc3+ Kh7 21. Nxe4 Nxd5 22. Qxa5 Rxf3 23. Qd2 Rf5 24. Ng3 Rg5 25. f4 Nxf4 26. Qxf4 Rd5 27. Qf6 Re8 28. Rxe8 Qxe8 29. Rf1 Re5 30. Qxd6 1-0

[Event "Cappelle Online Bullet op"]
[Site "Europe Echecs INT"]
[Date "2021.03.05"]
[Round "13"]
[White "Urazayev, Arystanbek"]
[Black "Feryn, Benjamin"]
[Result "1-0"]
[WhiteElo "2429"]
[BlackElo "2194"]
[PlyCount "81"]
[EventDate "2021.03.05"]
[EventType "swiss (blitz)"]
[EventRounds "15"]
[EventCountry "FRA"]
[SourceTitle "EXT 2022"]
[Source "ChessBase"]
[SourceDate "2021.10.06"]
[SourceVersion "1"]
[SourceVersionDate "2021.10.06"]
[SourceQuality "1"]

1. e4 e5 2. Nf3 Nc6 3. Nc3 g6 4. d4 exd4 5. Nxd4 Bg7 6. Be3 Nf6 7. f3 0-0 8. Bc4 Ne5 9. Bb3 c5 10. Nde2 c4 11. Ba4 a6 12. Qd6 Re8 13. Bf4 Re6 14. Qd4 Nxf3+ 15. gxf3 Nh5 16. Qxc4 b5 17. Qc7 Qxc7 18. Bxc7 bxa4 19. 0-0-0 Bb7 20. Nd4 Ree8 21. Nd5 Rac8 22. Ba5 Nf6 23. Nc7 Rf8 24. e5 Nd5 25. Nxd5 Bxd5 26. Rhe1 Rfe8 27. f4 Bc6 28. Bb4 h5 29. Bd6 f6 30. c3 fxe5 31. Bxe5 Bxe5 32. Rxe5 Rxe5 33. fxe5 Re8 34. Re1 Bd5 35. Kd2 Be6 36. Ke3 Bf5 37. Kf4 Kf7 38. Kg5 Kg7 39. Nxf5+ gxf5 40. Kxf5 Rf8+ 41. Ke4 1-0

[Event "Ville d'Orsay online Blitz"]
[Site "Europe Echecs INT"]
[Date "2021.02.07"]
[Round "3"]
[White "Feryn, Benjamin"]
[Black "Velten, Paul"]
[Result "0-1"]
[WhiteElo "2194"]
[BlackElo "2482"]
[PlyCount "82"]
[EventDate "2021.02.07"]
[EventType "swiss (blitz)"]
[EventRounds "11"]
[EventCountry "FRA"]
[SourceTitle "CBM 200 Extra"]
[Source "ChessBase"]
[SourceDate "2021.03.31"]
[SourceVersion "1"]
[SourceVersionDate "2021.03.31"]
[SourceQuality "1"]

1. b3 e5 2. Bb2 Nc6 3. e3 a6 4. d4 exd4 5. exd4 d5 6. Bd3 Nf6 7. h3 Nb4 8. Nf3 Bd6 9. 0-0 0-0 10. c4 Nxd3 11. Qxd3 c6 12. Nc3 Bb4 13. Rac1 h6 14. a3 Ba5 15. b4 dxc4 16. Qxc4 Be6 17. Qd3 Bc7 18. Rfd1 Nd5 19. Ne4 Nf4 20. Qd2 Qd5 21. Qe3 Rfe8 22. Rc5 Qd7 23. Ne5 Bxe5 24. Rxe5 Nd5 25. Qg3 Kh8 26. Nc5 Qc7 27. Nxe6 Rxe6 28. Rde1 Rae8 29. f4 Qb6 30. Kh1 R6e7 31. Rxe7 Rxe7 32. Rxe7 Nxe7 33. d5 f6 34. d6 Nd5 35. Qg6 Qd8 36. g4 Nxf4 37. Qf5 Qxd6 38. g5 Qd1+ 39. Kh2 Qe2+ 40. Kg3 Nh5+ 41. Kh4 hxg5+ 0-1

[Event "Cappelle Online Blitz op 1st"]
[Site "Europe Echecs INT"]
[Date "2021.01.10"]
[Round "2"]
[White "Feryn, Benjamin"]
[Black "Mamedov, Rauf"]
[Result "1-0"]
[WhiteElo "2194"]
[BlackElo "2654"]
[PlyCount "147"]
[EventDate "2021.01.10"]
[EventType "swiss (blitz)"]
[EventRounds "11"]
[EventCountry "FRA"]
[SourceTitle "CBM 200 Extra"]
[Source "ChessBase"]
[SourceDate "2021.03.31"]
[SourceVersion "1"]
[SourceVersionDate "2021.03.31"]
[SourceQuality "1"]

1. e4 c5 2. Nf3 d6 3. d4 cxd4 4. Nxd4 Nf6 5. Nc3 g6 6. Be3 Bg7 7. Be2 Nc6 8. Qd2 0-0 9. 0-0-0 d5 10. exd5 Nxd5 11. Nxc6 bxc6 12. Nxd5 cxd5 13. Qxd5 Qc7 14. Qxa8 Bf5 15. Qxf8+ Kxf8 16. Bd3 Be6 17. Kb1 Qb7 18. Bc1 Kg8 19. f3 Bf6 20. Be4 Qa6 21. b3 Kg7 22. Bb2 Bxb2 23. Kxb2 Qe2 24. Rhg1 a5 25. a4 h5 26. Kc1 Qf2 27. Rdf1 Qd4 28. Kb1 Qc3 29. Rd1 h4 30. Rd3 Qe5 31. Rgd1 Qxh2 32. R3d2 Qf4 33. Bd5 Bf5 34. Bc4 e6 35. Bd3 Qg3 36. Bxf5 gxf5 37. c4 Qe5 38. Rc1 Qc5 39. Ka2 Kf6 40. Rcd1 Kg5 41. Rd4 f6 42. Rd8 Kf4 43. R1d4+ Kg3 44. Rd2 Qc7 45. R8d6 Qc8 46. Rc2 Qc5 47. Rxe6 f4 48. Rxf6 Qg5 49. Rd6 Qf5 50. Rdd2 Qc5 51. Rd5 Qc6 52. Rdd2 Qc5 53. Rd5 Qc6 54. Rdd2 h3 55. gxh3 Kxf3 56. c5 Kg3 57. Rd6 Qc7 58. Rg6+ Kf3 59. c6 Ke3 60. Re6+ Kd3 61. Rc1 f3 62. Rf6 Ke2 63. Rc2+ Kd1 64. Rc3 Qh2+ 65. Ka3 f2 66. c7 Qe5 67. c8Q Qxf6 68. Rc1+ Ke2 69. Qc2+ Kf3 70. Qc3+ Qxc3 71. Rxc3+ Ke4 72. Rc1 Ke3 73. b4 Kd2 74. Rf1 1-0

[Event "Cappelle Online Blitz op 1st"]
[Site "Europe Echecs INT"]
[Date "2021.01.10"]
[Round "4"]
[White "Feryn, Benjamin"]
[Black "Musabayeva, Diana"]
[Result "1/2-1/2"]
[WhiteElo "2194"]
[BlackElo "1873"]
[PlyCount "107"]
[EventDate "2021.01.10"]
[EventType "swiss (blitz)"]
[EventRounds "11"]
[EventCountry "FRA"]
[SourceTitle "CBM 200 Extra"]
[Source "ChessBase"]
[SourceDate "2021.03.31"]
[SourceVersion "1"]
[SourceVersionDate "2021.03.31"]
[SourceQuality "1"]

1. e4 c5 2. Nf3 d6 3. d4 cxd4 4. Nxd4 Nf6 5. Nc3 a6 6. Bd3 e5 7. Nde2 Be7 8. 0-0 0-0 9. Ng3 Be6 10. Nd5 Bxd5 11. exd5 Re8 12. c4 Bf8 13. Re1 Nbd7 14. b4 a5 15. Bd2 axb4 16. Bxb4 b6 17. Qc2 Nc5 18. Bxc5 bxc5 19. Reb1 Qc7 20. Rb5 Reb8 21. Rab1 Rxb5 22. Rxb5 Qa7 23. Rb2 g6 24. h3 Bg7 25. Qb3 e4 26. Bb1 Nd7 27. Re2 f5 28. Qc2 Rb8 29. Qc1 Rb4 30. f3 e3 31. Rxe3 Bd4 32. Kh2 Bxe3 33. Qxe3 Ne5 34. f4 Nxc4 35. Qe6+ Qf7 36. Qc8+ Kg7 37. Bd3 Ne3 38. a3 Rd4 39. Bb5 Nxd5 40. Be8 Qe7 41. Bd7 Nxf4 42. Bxf5 Rd2 43. Be4 d5 44. Bf3 c4 45. Qc6 Qe6 46. Qc7+ Qf7 47. Qd6 d4 48. a4 c3 49. Ne4 c2 50. Qe5+ Kf8 51. Qb8+ Kg7 52. Qe5+ Kf8 53. Qb8+ Kg7 54. Qe5+ 1/2-1/2

[Event "Cappelle op 36th"]
[Site "Cappelle la Grande"]
[Date "2020.02.26"]
[Round "6"]
[White "Dardha, Daniel"]
[Black "Feryn, Benjamin"]
[Result "1-0"]
[WhiteElo "2442"]
[BlackElo "2183"]
[PlyCount "57"]
[EventDate "2020.02.22"]
[EventType "swiss"]
[EventRounds "9"]
[EventCountry "FRA"]
[SourceTitle "CBM 195 Extra"]
[Source "ChessBase"]
[SourceDate "2020.05.31"]
[SourceVersion "1"]
[SourceVersionDate "2020.05.31"]
[SourceQuality "1"]

1. d4 Nf6 2. c4 g6 3. Nc3 Bg7 4. e4 d6 5. Nf3 0-0 6. Be2 e5 7. d5 a5 8. Bg5 h6 9. Be3 Na6 10. Nd2 Nd7 11. 0-0 f5 12. f3 c5 13. exf5 gxf5 14. g4 Nf6 15. Kh1 f4 16. Bf2 Nc7 17. Bh4 Qd7 18. g5 hxg5 19. Bxg5 Nh7 20. Rg1 Ne8 21. Nde4 Qh3 22. Qf1 Qxf1 23. Raxf1 Bh3 24. Rf2 Nxg5 25. Nxg5 Bf5 26. Rfg2 Rd8 27. Ne6 Bxe6 28. dxe6 Rf6 29. e7 1-0

[Event "FRA-ch Accession"]
[Site "Agen"]
[Date "2017.08.24"]
[Round "6"]
[White "Feryn, Benjamin"]
[Black "Lamard, Guillaume"]
[Result "0-1"]
[WhiteElo "2153"]
[BlackElo "2347"]
[PlyCount "78"]
[EventDate "2017.08.19"]
[EventType "swiss"]
[EventRounds "9"]
[EventCountry "FRA"]
[SourceTitle "EXT 2019"]
[Source "ChessBase"]
[SourceDate "2018.10.10"]
[SourceVersion "1"]
[SourceVersionDate "2018.10.10"]
[SourceQuality "1"]

1. e4 e5 2. Nc3 Nf6 3. f4 d5 4. fxe5 Nxe4 5. Qf3 Nc6 6. Bb5 Nxc3 7. dxc3 Qh4+ 8. g3 Qe4+ 9. Qxe4 dxe4 10. Bxc6+ bxc6 11. Bf4 Bc5 12. Ne2 Bb6 13. Nd4 c5 14. Nb3 c4 15. Nd4 Bg4 16. h3 Bf3 17. Nxf3 exf3 18. Rf1 f2+ 19. Ke2 0-0-0 20. Rad1 Rhe8 21. Rxd8+ Kxd8 22. Rd1+ Kc8 23. Kf1 Re6 24. Rd2 g5 25. Bxg5 Rxe5 26. Rd8+ Kb7 27. Bd2 Kc6 28. b4 Kb5 29. Rd7 f6 30. h4 c6 31. Rb7 Ka4 32. Rxb6 axb6 33. Kxf2 Ka3 34. g4 Kxa2 35. Be3 c5 36. bxc5 bxc5 37. Bf4 Rd5 38. g5 fxg5 39. Bxg5 Kb2 0-1

[Event "La Fere op 11th"]
[Site "La Fere"]
[Date "2012.07.14"]
[Round "9"]
[White "Godart, Francois"]
[Black "Feryn, Benjamin"]
[Result "1-0"]
[WhiteElo "2317"]
[BlackElo "2112"]
[PlyCount "71"]
[EventDate "2012.07.07"]
[EventType "swiss"]
[EventRounds "9"]
[EventCountry "FRA"]
[SourceTitle "CBM 149 Extra"]
[Source "ChessBase"]
[SourceDate "2012.08.24"]
[SourceVersion "1"]
[SourceVersionDate "2012.08.24"]
[SourceQuality "1"]

1. d4 Nf6 2. c4 g6 3. Nc3 Bg7 4. g3 0-0 5. Bg2 d6 6. Nf3 Nbd7 7. 0-0 e5 8. e4 c6 9. h3 Qc7 10. Be3 exd4 11. Nxd4 Nc5 12. Re1 Re8 13. Qc2 Be6 14. b4 Ncd7 15. Nxe6 fxe6 16. Rac1 Rad8 17. f4 Qb8 18. Qf2 a6 19. Red1 Rf8 20. a4 h6 21. Rd3 Rf7 22. Rcd1 Ne8 23. Qd2 b5 24. axb5 axb5 25. c5 Bxc3 26. Qxc3 d5 27. exd5 exd5 28. Bd4 Ng7 29. Re1 Re8 30. Rde3 Rxe3 31. Rxe3 Qf8 32. h4 Nf6 33. Re1 Nf5 34. Re6 Nxd4 35. Qxd4 Kg7 36. Rxc6 1-0

[Event "La Fere op 11th"]
[Site "La Fere"]
[Date "2012.07.09"]
[Round "4"]
[White "Feryn, Benjamin"]
[Black "Poulain, Andre"]
[Result "1-0"]
[WhiteElo "2112"]
[BlackElo "1806"]
[PlyCount "129"]
[EventDate "2012.07.07"]
[EventType "swiss"]
[EventRounds "9"]
[EventCountry "FRA"]
[SourceTitle "CBM 149 Extra"]
[Source "ChessBase"]
[SourceDate "2012.08.24"]
[SourceVersion "1"]
[SourceVersionDate "2012.08.24"]
[SourceQuality "1"]

1. e4 c5 2. Nf3 d6 3. d4 cxd4 4. Nxd4 Nf6 5. Nc3 a6 6. Bg5 e6 7. Qd2 Nbd7 8. 0-0-0 Be7 9. f4 Qc7 10. Be2 b5 11. Bf3 Bb7 12. Rhe1 Rc8 13. e5 dxe5 14. fxe5 Bxf3 15. Nxf3 b4 16. Ne4 Nxe4 17. Rxe4 Bxg5 18. Nxg5 0-0 19. Qe2 a5 20. Rd2 h6 21. Nf3 Nb6 22. g4 Nd5 23. g5 h5 24. Nd4 g6 25. Nb5 Qc5 26. Nd6 Qg1+ 27. Qe1 Qxe1+ 28. Rxe1 Rc7 29. Rf2 Nb6 30. b3 Nd5 31. Kb2 Ne7 32. a3 Rc5 33. Ne4 Rc7 34. Nf6+ Kg7 35. Re4 Rb8 36. axb4 axb4 37. Rxb4 Rxb4 38. Ne8+ Kf8 39. Nxc7 Re4 40. Nxe6+ Kg8 41. Nd8 Nf5 42. Nc6 Rg4 43. b4 Rxg5 44. b5 Ne3 45. Kb3 Nd5 46. Kc4 Nb6+ 47. Kc5 Nd7+ 48. Kd6 Nb6 49. Kc7 Nd5+ 50. Kb7 Rg4 51. Rd2 Nc3 52. b6 Na4 53. Kc7 Nxb6 54. Kxb6 h4 55. c3 g5 56. Kb5 Re4 57. c4 g4 58. c5 h3 59. Ne7+ Kf8 60. Nf5 Kg8 61. Kb6 Rxe5 62. Nh6+ Kg7 63. Nxg4 Rg5 64. Ne3 f5 65. Rf2 1-0